Shades of brown. (Record no. 60734)
[ view plain ]
| 000 -LEADER | |
|---|---|
| fixed length control field | 00597cam a2200169 4500 |
| 001 - CONTROL NUMBER | |
| control field | ABS61048 |
| 008 - FIXED-LENGTH DATA ELEMENTS--GENERAL INFORMATION | |
| fixed length control field | 000000n1999 000 0 eng u |
| 035 ## - SYSTEM CONTROL NUMBER | |
| System control number | (Sirsi) u101602 |
| 100 ## - MAIN ENTRY--PERSONAL NAME | |
| Personal name | Mylius, A. |
| 245 ## - TITLE STATEMENT | |
| Title | Shades of brown. |
| 260 ## - PUBLICATION, DISTRIBUTION, ETC. | |
| Date of publication, distribution, etc. | 1999 |
| 490 ## - SERIES STATEMENT | |
| Series statement | New Civil Engineer |
| Volume/sequential designation | (1317) 8 July 1999, 16-19(4) |
| 520 ## - SUMMARY, ETC. | |
| Summary, etc. | Looks at three projects that are rehabilitating redundant land. Warns that more developers will have to consider brownfield sites if the aims of the Urban Task Force report are to be realised. |
| 650 ## - SUBJECT ADDED ENTRY--TOPICAL TERM | |
| Topical term or geographic name entry element | URBAN TASK FORCE |
| 690 ## - LOCAL SUBJECT ADDED ENTRY--TOPICAL TERM (OCLC, RLIN) | |
| Topical term or geographic name as entry element | URBAN RENEWAL |
| 942 ## - ADDED ENTRY ELEMENTS (KOHA) | |
| Suppress in OPAC | 0 |
| Withdrawn status | Lost status | Source of classification or shelving scheme | Damaged status | Not for loan | Home library | Current library | Shelving location | Date acquired | Total Checkouts | Full call number | Barcode | Date last seen | Copy number | Price effective from | Koha item type |
|---|---|---|---|---|---|---|---|---|---|---|---|---|---|---|---|
| Dewey Decimal Classification | London | London | Journal article | 05/11/1999 | ABS61048 | 101602-1001 | 06/08/2019 | 1 | 06/08/2019 | Journal article |